• 首页
  • 本馆介绍
  • 公告通知
  • 最新文献
  • 馆藏检索
  • 电子资源
  • 读者导购
  • 参考咨询
  • 我的图书馆
  • 登录
  • 详细信息显示
  • 放入我的书架
  • 预约/预借图书
  • 作者相关作品
  • 分类相关作品
  • 丛书相关作品
  • 出版社相关作品

书目信息

  • 表格格式
  • 工作单格式
  • 卡片格式
题名:
培养数学上的机智
    
 
作者: 格雷厄姆 编 ;李文锦 译
分册:  
出版信息: 北京   科学出版社  1984
页数: 214页
开本: 19cm
丛书名:
单 册:
中图分类: O1-49
科图分类:
主题词: 数学--普及读物
电子资源:
ISBN:
000 00710nam0 2200241 45
001 0184002522
005 20060812144155.25
010    @dCNY0.88
091    @a13031.2656
100    @a19950527d1984 em y0chiy0121 ea
101 1  @achi@ceng
102    @aCN@b110000
105    @ay z 000yy
200 10 @a培养数学上的机智@Apei yang shu xue shang de ji zhi@f(美)L·A·格雷厄姆编@F(mei)L·A·ge lei e mu bian@g李文锦译
210    @a北京@c科学出版社@d1984
215    @a214页@d19cm
606    @a数学@x普及读物
690    @aO1-49@v3
701  0 @a格雷厄姆@Age lei e mu@4编
702  0 @a李文锦@Ali wen jin@4译
801  0 @aCN@b上海图书馆@c20060812
801  2 @aCN@bNLC@c20051209
905    @dO1-49@e116@f1@b120387
    
    培养数学上的机智/(美)L·A·格雷厄姆编/李文锦译.-北京:科学出版社,1984
    214页;19cm
    
    
    ISBN :CNY0.88
    
●
相关链接 在E读中查询图书 在五车中查询图书 在当当中查询图书 在豆瓣中查询图书


正题名:培养数学上的机智     索取号:O1-49/116         预约/预借

序号 登录号 条形码 馆藏地/架位号 状态 备注
1 0120384   001200499   第二样本阅览室/ [索取号:O1-49/116] 在馆    
2 0120385   001200505   第三借阅区/ [索取号:O1-49/116] 在馆    
3 0120386   001200532   第三借阅区/ [索取号:O1-49/116] 在馆    
4 0120387   001234328   第三借阅区/ [索取号:O1-49/116] 在馆    
5 0120388   202167298   密集书库/ [索取号:O1-49/116] 在馆    
6 0452383   204523836   密集书库/ [索取号:O1-49/116] 在馆    
唐山师范学院图书馆 欢迎您!
大连网信软件有限公司© 版权所有